[Event "BSF 75 aar Jubilaeum 2010"]
[Site "Bronshoj"]
[Date "2010.02.16"]
[Round "2"]
[White "Kragh, Niels Kristian"]
[Black "Hansen, Lars Henrik Bech"]
[Result "1/2-1/2"]
[WhiteElo "2147"]
[BlackElo "2083"]
[PlyCount "84"]
[EventDate "2010.??.??"]
[EventCountry "DEN"]


1. e4 d6 2. d4 g6 3. Nc3 Nf6 4. f4 Bg7 5. Nf3 c5 6. Bb5+ Bd7 7. e5 Ng4 8. Bxd7+
Qxd7 9. d5 dxe5 10. h3 e4 11. hxg4 exf3 12. Qxf3 Na6 13. Bd2 Nb4 14. O-O-O Bxc3
15. bxc3 Na6 16. c4 Qa4 17. Qb3 Qxb3 18. cxb3 O-O 19. Bc3 f6 20. a3 Rad8 21. g5
Rd7 22. gxf6 exf6 23. Rhe1 Nc7 24. Re2 Re8 25. Rde1 Kf7 26. b4 Rxe2 27. Rxe2
cxb4 28. Bxb4 b5 29. d6 Ne6 30. c5 Nd4 31. Re3 Nc6 32. g4 a5 33. Bc3 b4 34.
axb4 axb4 35. Bb2 Rd8 36. f5 Rc8 37. d7 Rc7 38. Re6 Nd8 39. Rxf6+ Ke7 40. fxg6
Rxc5+ 41. Kd2 hxg6 42. Rxg6 Kxd7 1/2-1/2

[Event "BSF 75 aar Jubilaeum 2010"]
[Site "Bronshoj"]
[Date "2010.02.16"]
[Round "2"]
[White "Petersen, Nils"]
[Black "Jorgensen, Rasmus"]
[Result "1/2-1/2"]
[WhiteElo "2059"]
[BlackElo "2015"]
[PlyCount "33"]
[EventDate "2010.??.??"]
[EventCountry "DEN"]


1. c4 e5 2. Nc3 Nc6 3. Nf3 f5 4. d4 e4 5. d5 exf3 6. dxc6 fxg2 7. cxd7+ Qxd7 8.
Qxd7+ Bxd7 9. Bxg2 c6 10. O-O Nf6 11. e4 fxe4 12. Nxe4 Nxe4 13. Bxe4 Bc5 14.
Re1 O-O 15. Be3 Bxe3 16. Rxe3 Bf5 17. Bxf5 1/2-1/2

[Event "BSF 75 aar Jubilaeum 2010"]
[Site "Bronshoj"]
[Date "2010.02.16"]
[Round "2"]
[White "Frisk, Hans"]
[Black "Jensen, Soren Holm"]
[Result "0-1"]
[WhiteElo "2022"]
[BlackElo "2060"]
[PlyCount "124"]
[EventDate "2010.??.??"]
[EventCountry "DEN"]


1. e4 e5 2. Nc3 Nf6 3. Bc4 Nc6 4. d3 Na5 5. Nge2 c6 6. Bg5 Be7 7. f4 d6 8. Qd2
O-O 9. O-O b5 10. Bb3 h6 11. fxe5 dxe5 12. Bxh6 gxh6 13. Qxh6 Ng4 14. Qg6+ Kh8
15. Bxf7 Bc5+ 16. d4 Qh4 17. Rf3 exd4 18. Rh3 dxc3+ 19. Kf1 Rxf7+ 20. Qxf7
Nxh2+ 21. Rxh2 Qxh2 22. Qf6+ Kh7 23. Qf7+ Kh8 24. Qf6+ Kg8 25. Qg5+ Kh7 26.
Qxc5 Qh1+ 27. Ng1 Qh6 28. Qxc3 Nc4 29. Re1 Bg4 30. Nf3 Rf8 31. Kg1 Bxf3 32.
gxf3 Qh3 33. Kf2 Qh2+ 34. Kf1 Qg3 35. Ke2 Qg2+ 36. Kd1 Qxf3+ 37. Qxf3 Rxf3 38.
b3 Ne5 39. Ke2 Kg6 40. Rd1 Rf6 41. Rd8 Rf7 42. Rc8 Kf6 43. Ke3 Rd7 44. Rf8+ Ke6
45. Re8+ Kd6 46. Kd4 c5+ 47. Ke3 b4 48. Rh8 Nc6 49. Rh6+ Kc7 50. Rh5 Kb6 51. e5
Nd4 52. Rh6+ Kc7 53. Ke4 Nxc2 54. e6 Re7 55. Kd5 Nd4 56. Kxc5 Nxe6+ 57. Kxb4
Kb6 58. a4 a5+ 59. Kc4 Rc7+ 60. Kd5 Rc5+ 61. Ke4 Rc6 62. Rh3 Ng5+ 0-1

[Event "BSF 75 aar Jubilaeum 2010"]
[Site "Bronshoj"]
[Date "2010.02.16"]
[Round "2"]
[White "Jensen, Michael Agermose"]
[Black "Christensen, Esben"]
[Result "1/2-1/2"]
[WhiteElo "2070"]
[BlackElo "2008"]
[PlyCount "51"]
[EventDate "2010.??.??"]
[EventCountry "DEN"]


1. e4 c5 2. d4 cxd4 3. c3 Nf6 4. e5 Nd5 5. Nf3 e6 6. Bc4 d6 7. Bxd5 exd5 8.
exd6 Bxd6 9. Qxd4 O-O 10. Be3 Be6 11. Nbd2 Nc6 12. Qd3 f6 13. Nd4 Bf7 14. Nf5
Ne5 15. Qb5 a6 16. Qxb7 Bc5 17. O-O Ra7 18. Ne7+ Kh8 19. Nc6 Rxb7 20. Nxd8 Bxe3
21. Nxb7 Bxd2 22. Nc5 Rb8 23. Nb3 Bh6 24. Rfe1 g6 25. Rad1 Kg8 26. Rd4 1/2-1/2

[Event "BSF 75 aar Jubilaeum 2010"]
[Site "Bronshoj"]
[Date "2010.02.16"]
[Round "3"]
[White "Hillarp Persson, Tiger"]
[Black "Akdag, Dara Sevkan"]
[Result "1-0"]
[WhiteElo "2581"]
[BlackElo "2157"]
[PlyCount "61"]
[EventDate "2010.??.??"]
[EventCountry "DEN"]


1. d4 Nf6 2. c4 c5 3. d5 e6 4. Nc3 exd5 5. cxd5 g6 6. e4 d6 7. Nge2 Bg7 8. Ng3
O-O 9. Be2 Nbd7 10. O-O a6 11. a4 Re8 12. f3 h5 13. Bg5 Qa5 14. f4 Nh7 15. Bh4
c4 16. Kh1 Nc5 17. e5 dxe5 18. f5 Qb4 19. fxg6 fxg6 20. Bxh5 gxh5 21. Qxh5 Be6
22. dxe6 Nxe6 23. Nd5 Qc5 24. Rad1 Rac8 25. Ne4 Qc6 26. Nef6+ Nxf6 27. Nxf6+
Kf8 28. Nd7+ Kg8 29. Qf7+ Kh8 30. Nf6 Nf4 31. Rxf4 1-0

[Event "BSF 75 aar Jubilaeum 2010"]
[Site "Bronshoj"]
[Date "2010.02.16"]
[Round "3"]
[White "Petersen, Peter Birk"]
[Black "Hector, Jonny"]
[Result "0-1"]
[WhiteElo "2203"]
[BlackElo "2572"]
[PlyCount "90"]
[EventDate "2010.??.??"]
[EventCountry "DEN"]


1. e4 e5 2. Nf3 Nc6 3. Bb5 a6 4. Ba4 Nf6 5. O-O Be7 6. Re1 d6 7. c3 Bg4 8. d3
Nd7 9. Nbd2 Nc5 10. Bc2 Ne6 11. Nf1 Ng5 12. Bxg5 Bxg5 13. h3 Bxf3 14. Qxf3 O-O
15. Rad1 Bf6 16. Qe3 g6 17. d4 Bg5 18. Qf3 f6 19. Qg4 h5 20. Qe2 Kh7 21. Nh2
Qe7 22. Nf3 Bh6 23. a3 Rae8 24. b4 Qf7 25. b5 axb5 26. Qxb5 Nd8 27. Qb3 Qg7 28.
c4 b6 29. c5 bxc5 30. dxc5 dxc5 31. Qc3 Ne6 32. Rd5 Rd8 33. Ba4 Rd6 34. Rb1 Nf4
35. Qxc5 Nxd5 36. exd5 Qe7 37. Rb7 Rf7 38. Ne1 Rb6 39. Qxe7 Rxe7 40. Bc6 Rxb7
41. Bxb7 Re8 42. Bc6 Rb8 43. Nc2 Rb1+ 44. Kh2 Rb2 45. Nb4 Bf4+ 0-1

[Event "BSF 75 aar Jubilaeum 2010"]
[Site "Bronshoj"]
[Date "2010.02.16"]
[Round "3"]
[White "Picard, Romain"]
[Black "Danielsen, Henrik"]
[Result "1-0"]
[WhiteElo "2365"]
[BlackElo "2495"]
[PlyCount "37"]
[EventDate "2010.??.??"]
[EventCountry "DEN"]


1. e4 d5 2. exd5 Qxd5 3. Nf3 Bg4 4. Be2 Nf6 5. d4 e6 6. O-O c6 7. Bf4 Be7 8.
Nbd2 O-O 9. Re1 Qd8 10. c3 Nbd7 11. a4 Nd5 12. Bg3 a5 13. Nc4 Bh5 14. Qb3 Ra7
15. h3 N7b6 16. Nce5 Nd7 17. Nc4 N7b6 18. Nce5 Nd7 19. Nxd7 1-0

[Event "BSF 75 aar Jubilaeum 2010"]
[Site "Bronshoj"]
[Date "2010.02.16"]
[Round "3"]
[White "Nielsen, Lars Aaes"]
[Black "Andersen, Alf Roger"]
[Result "1-0"]
[WhiteElo "2248"]
[BlackElo "2200"]
[PlyCount "85"]
[EventDate "2010.??.??"]
[EventCountry "DEN"]


1. e4 d6 2. d4 Nf6 3. Nc3 g6 4. Be2 Bg7 5. Be3 c6 6. g4 Qa5 7. f3 h5 8. g5 Nfd7
9. f4 b5 10. Qd2 b4 11. Nd1 Bb7 12. Nf3 c5 13. d5 Qb6 14. O-O a5 15. c3 Ba6 16.
c4 Qc7 17. Rc1 Nb6 18. Nh4 N8d7 19. Nf2 O-O-O 20. b3 a4 21. Nd3 a3 22. f5 Bc3
23. Rxc3 bxc3 24. Qxc3 gxf5 25. Nxf5 Nb8 26. Nh6 f6 27. g6 N6d7 28. Nf7 Rhg8
29. Bxh5 Nf8 30. Nf4 Re8 31. Kh1 Nbd7 32. Rg1 Ne5 33. g7 Nh7 34. Ne6 Qd7 35.
Nxe5 fxe5 36. Bxe8 Qxe8 37. Qa5 Qd7 38. Qxa6+ Kb8 39. Qb6+ Kc8 40. Bxc5 Nf6 41.
Qa6+ Qb7 42. Qxb7+ Kxb7 43. Bxa3 1-0

[Event "BSF 75 aar Jubilaeum 2010"]
[Site "Bronshoj"]
[Date "2010.02.16"]
[Round "3"]
[White "Huguet, Sergio"]
[Black "Rosenkilde, Alexander"]
[Result "0-1"]
[WhiteElo "2138"]
[BlackElo "2215"]
[PlyCount "64"]
[EventDate "2010.??.??"]
[EventCountry "DEN"]


1. d4 Nf6 2. e3 e6 3. Bd3 c5 4. c3 Nc6 5. f4 Rb8 6. Nf3 d5 7. Nbd2 b5 8. Ne5
Qc7 9. a4 a6 10. axb5 axb5 11. O-O Be7 12. Nxc6 Qxc6 13. Nf3 O-O 14. Ne5 Qc7
15. Rf3 b4 16. Rh3 g6 17. g4 Ne4 18. Bxe4 dxe4 19. g5 f6 20. gxf6 Bxf6 21. Bd2
bxc3 22. bxc3 Bd7 23. Be1 Rb2 24. Bh4 Bxe5 25. fxe5 cxd4 26. cxd4 Bb5 27. Bf6
Be2 28. Qc1 Rc2 29. Qa3 Rb8 30. Rg3 Bf3 31. Qa6 Rc1+ 32. Rxc1 Qxc1+ 0-1

[Event "BSF 75 aar Jubilaeum 2010"]
[Site "Bronshoj"]
[Date "2010.02.16"]
[Round "3"]
[White "Rossen, Claus"]
[Black "Bromann, Thorbjorn"]
[Result "0-1"]
[WhiteElo "2223"]
[BlackElo "2434"]
[PlyCount "68"]
[EventDate "2010.??.??"]
[EventCountry "DEN"]


1. d4 d5 2. Nf3 Nc6 3. g3 Bf5 4. Bg2 Nb4 5. O-O Bxc2 6. Qd2 e6 7. Nc3 Bg6 8.
Ne5 Nf6 9. a3 Na6 10. b4 Be7 11. Bb2 O-O 12. Rac1 Nb8 13. e4 Nxe4 14. Nxe4 Bxe4
15. Bxe4 dxe4 16. Qe2 c6 17. Qxe4 a6 18. f4 Qd5 19. Qe2 Nd7 20. f5 Nxe5 21.
dxe5 exf5 22. Rxf5 Rad8 23. Bc3 a5 24. Qf2 axb4 25. axb4 g6 26. Rf4 Bg5 27. Rd4
Qb3 28. Bd2 Rxd4 29. Bxg5 Rd1+ 30. Kg2 Qd5+ 31. Kh3 Qe6+ 32. Kg2 Rxc1 33. Bxc1
Qd5+ 34. Kh3 Qxe5 0-1

[Event "BSF 75 aar Jubilaeum 2010"]
[Site "Bronshoj"]
[Date "2010.02.16"]
[Round "3"]
[White "Hansen, Lars Henrik Bech"]
[Black "Hoi, Carsten"]
[Result "0-1"]
[WhiteElo "2083"]
[BlackElo "2393"]
[PlyCount "72"]
[EventDate "2010.??.??"]
[EventCountry "DEN"]


1. e4 e5 2. Nf3 Nc6 3. d4 exd4 4. Bc4 d6 5. Nxd4 g6 6. Nc3 Bg7 7. Be3 Nf6 8. f3
O-O 9. Qd2 Ne5 10. Be2 d5 11. exd5 Nxd5 12. Nxd5 Qxd5 13. Nb5 Qc6 14. Nd4 Qf6
15. Nb5 Rd8 16. Qc1 Qh4+ 17. g3 Qb4+ 18. c3 Qe7 19. O-O a6 20. Nd4 c5 21. Nc2
b6 22. Ne1 Re8 23. Ng2 Bb7 24. Bg5 Qe6 25. Bf4 Rad8 26. Rf2 Qc6 27. Qc2 b5 28.
Rd1 c4 29. Rxd8 Rxd8 30. Bxe5 Bxe5 31. f4 Bb8 32. Bf3 Qb6 33. Bxb7 Qxb7 34. Ne3
Ba7 35. Qe2 Qe4 36. Rf3 Rd2 0-1

[Event "BSF 75 aar Jubilaeum 2010"]
[Site "Bronshoj"]
[Date "2010.02.16"]
[Round "3"]
[White "Mikkelsen, Nikolaj"]
[Black "Kragh, Niels Kristian"]
[Result "1-0"]
[WhiteElo "2381"]
[BlackElo "2147"]
[PlyCount "63"]
[EventDate "2010.??.??"]
[EventCountry "DEN"]


1. e4 c6 2. d4 d5 3. e5 Bf5 4. Nf3 e6 5. Be2 Ne7 6. O-O Nd7 7. c3 Bg6 8. Nbd2
Nf5 9. Nb3 Be7 10. Bd2 O-O 11. c4 dxc4 12. Na5 Nb6 13. Nxb7 Qd5 14. Bc3 Rab8
15. Na5 c5 16. dxc5 Qxc5 17. Nd2 Rfd8 18. Qc1 Bg5 19. Ne4 Bxc1 20. Nxc5 Bxb2
21. Bxb2 Rd2 22. Bxc4 Rxb2 23. Bb3 Rc8 24. Rfd1 Re2 25. g4 Nh4 26. Nxe6 Rxe5
27. Nc6 Rxe6 28. Bxe6 Re8 29. Ne7+ Kh8 30. Nxg6+ hxg6 31. Bxf7 Re4 32. h3 1-0

[Event "BSF 75 aar Jubilaeum 2010"]
[Site "Bronshoj"]
[Date "2010.02.16"]
[Round "3"]
[White "Carstensen, Jacob"]
[Black "Andersen, Ole Bo"]
[Result "0-1"]
[WhiteElo "2317"]
[BlackElo "2125"]
[PlyCount "84"]
[EventDate "2010.??.??"]
[EventCountry "DEN"]


1. d4 Nf6 2. c4 c5 3. d5 b5 4. a4 bxc4 5. Nc3 g6 6. e4 d6 7. Bxc4 Bg7 8. Qe2
O-O 9. h3 Nbd7 10. Nf3 Ne8 11. O-O Nc7 12. Bf4 Rb8 13. Rfd1 Rb4 14. a5 f5 15.
e5 Ba6 16. Bxa6 Rxf4 17. e6 Nf6 18. Bb7 Rb4 19. a6 Ne4 20. Ra3 Na8 21. Nxe4
fxe4 22. Nd2 Rxb2 23. Qxe4 Nb6 24. Nf3 Rb4 25. Qe2 Nc4 26. Ra2 Ne5 27. Ng5 Qb6
28. Ne4 Rb1 29. Rc2 Rxd1+ 30. Qxd1 c4 31. Qe2 Rf4 32. Kh2 Qd4 33. Nxd6 exd6 34.
Bc6 Bf6 35. Rb2 Re4 36. Rb8+ Kg7 37. Qc2 Bg5 38. Rb7+ Kh6 39. Rxa7 Bf4+ 40. g3
Nf3+ 41. Kh1 Qa1+ 42. Kg2 Ne1+ 0-1

[Event "BSF 75 aar Jubilaeum 2010"]
[Site "Bronshoj"]
[Date "2010.02.16"]
[Round "3"]
[White "Jensen, Soren Holm"]
[Black "Teplyi, Igor"]
[Result "0-1"]
[WhiteElo "2060"]
[BlackElo "2305"]
[PlyCount "98"]
[EventDate "2010.??.??"]
[EventCountry "DEN"]


1. e4 c5 2. Nf3 d6 3. d4 cxd4 4. Qxd4 Nc6 5. Bb5 Bd7 6. Bxc6 Bxc6 7. Nc3 Nf6 8.
Bg5 e6 9. O-O-O Be7 10. Rhe1 O-O 11. Qd2 Qc7 12. Nd4 Rfd8 13. f4 h6 14. Bxf6
Bxf6 15. g4 g6 16. h4 e5 17. Nxc6 bxc6 18. g5 Bg7 19. f5 h5 20. Qd3 Rab8 21.
Qc4 Kh7 22. Re2 Qb7 23. fxg6+ fxg6 24. b3 Qb4 25. Qxb4 Rxb4 26. Red2 Rd4 27.
Rxd4 exd4 28. Ne2 c5 29. Nf4 Be5 30. Nd5 Rf8 31. Rh1 Rf2 32. Kd1 d3 33. cxd3
Rxa2 34. Rf1 Ra1+ 35. Ke2 Rxf1 36. Kxf1 Bg3 37. Nf6+ Kg7 38. Kg2 Bxh4 39. Ne8+
Kf8 40. Nxd6 Bxg5 41. Nb5 a5 42. Nd6 Bd8 43. Nc4 Bc7 44. Ne3 Kf7 45. Kf3 g5 46.
Nf5 g4+ 47. Kg2 Be5 48. Ne3 Kg6 49. Nf5 Kg5 0-1

[Event "BSF 75 aar Jubilaeum 2010"]
[Site "Bronshoj"]
[Date "2010.02.16"]
[Round "3"]
[White "Jorgensen, Rasmus"]
[Black "Brinck Claussen, Bjorn"]
[Result "1/2-1/2"]
[WhiteElo "2015"]
[BlackElo "2300"]
[PlyCount "58"]
[EventDate "2010.??.??"]
[EventCountry "DEN"]


1. e4 e6 2. d4 d5 3. Nc3 Bb4 4. e5 c5 5. a3 Bxc3+ 6. bxc3 Ne7 7. h4 Nbc6 8. h5
h6 9. Nf3 Qa5 10. Bd2 Bd7 11. Rh4 c4 12. g3 O-O-O 13. Rf4 Rhf8 14. Nh4 f6 15.
Qf3 f5 16. a4 Kb8 17. Bc1 Ka8 18. Ba3 Be8 19. Kd2 Rg8 20. Bc5 b6 21. Ba3 Qxa4
22. Qd1 Qb5 23. Bh3 g5 24. hxg6 Nxg6 25. Nxg6 Bxg6 26. Rh4 h5 27. Bd6 Rd7 28.
Bg2 Rh7 29. Rb1 Qa6 1/2-1/2

[Event "BSF 75 aar Jubilaeum 2010"]
[Site "Bronshoj"]
[Date "2010.02.16"]
[Round "3"]
[White "Rasmussen, Allan Stig"]
[Black "Jensen, Michael Agermose"]
[Result "1-0"]
[WhiteElo "2542"]
[BlackElo "2070"]
[PlyCount "63"]
[EventDate "2010.??.??"]
[EventCountry "DEN"]


1. e4 e5 2. Nf3 d5 3. exd5 Bd6 4. d4 e4 5. Ne5 Nf6 6. Nc3 Nbd7 7. Nc4 Bb4 8.
Ne3 Nb6 9. a3 Bxc3+ 10. bxc3 Nbxd5 11. Nxd5 Qxd5 12. Be2 O-O 13. O-O Rd8 14.
Bf4 Qa5 15. c4 c6 16. Bd2 Qc7 17. c3 Bf5 18. Bg5 Qa5 19. Qc1 Bg6 20. c5 b6 21.
cxb6 axb6 22. Bxf6 gxf6 23. f3 c5 24. d5 Rxd5 25. fxe4 Rd6 26. Bc4 Re8 27. Qf4
Re5 28. Qg3 Qa8 29. Rxf6 Rxf6 30. Qxe5 Qxe4 31. Qxf6 Qxc4 32. Rd1 1-0

[Event "BSF 75 aar Jubilaeum 2010"]
[Site "Bronshoj"]
[Date "2010.02.16"]
[Round "3"]
[White "Christensen, Esben"]
[Black "Saada, Julien"]
[Result "0-1"]
[WhiteElo "2008"]
[BlackElo "2307"]
[PlyCount "58"]
[EventDate "2010.??.??"]
[EventCountry "DEN"]


1. e4 c6 2. Nf3 d5 3. Nc3 Bg4 4. h3 Bxf3 5. Qxf3 Nf6 6. d4 dxe4 7. Nxe4 Qxd4 8.
Bd3 e6 9. c3 Qd8 10. Bf4 Nxe4 11. Bxe4 Qb6 12. O-O Nd7 13. Qg3 Nf6 14. Bf3 Be7
15. Bc7 Qc5 16. Qxg7 Rg8 17. Qh6 Qf5 18. Kh2 Nd5 19. Bg3 Bg5 20. Qh5 Nf6 21.
Bxc6+ bxc6 22. Qe2 h5 23. Qc4 Qd5 24. Qa4 h4 25. Rad1 hxg3+ 26. fxg3 Qb5 27.
Qd4 Qb6 28. Qe5 Rd8 29. h4 Ng4+ 0-1

[Event "BSF 75 aar Jubilaeum 2010"]
[Site "Bronshoj"]
[Date "2010.02.17"]
[Round "4"]
[White "Hector, Jonny"]
[Black "Hillarp Persson, Tiger"]
[Result "0-1"]
[WhiteElo "2572"]
[BlackElo "2581"]
[PlyCount "84"]
[EventDate "2010.??.??"]
[EventCountry "DEN"]


1. e4 c5 2. Nf3 e6 3. Nc3 a6 4. d4 cxd4 5. Nxd4 b5 6. Bd3 Qb6 7. Nf3 Qc7 8. O-O
Bb7 9. Re1 Be7 10. Bg5 Bxg5 11. Nxg5 f6 12. Nh3 Nh6 13. e5 f5 14. Ng5 O-O 15.
Qh5 Nc6 16. f4 Qb6+ 17. Kh1 Nd8 18. Qe2 Ndf7 19. Nf3 Kh8 20. a4 b4 21. a5 Qc5
22. Nd1 Rg8 23. Qe3 Qe7 24. Ng5 Nxg5 25. fxg5 Nf7 26. h4 h6 27. Qh3 g6 28. gxh6
g5 29. h5 g4 30. Qg3 Rg5 31. c3 Rxh5+ 32. Kg1 Qg5 33. Rf1 Qxh6 34. Rf4 Nxe5 35.
Be2 Rh1+ 36. Kf2 bxc3 37. bxc3 Bc6 38. Rb1 Ng6 39. Rc4 f4 40. Qxg4 Ne5 41. Qxf4
Rf8 42. Rb8 Qxf4+ 0-1

[Event "BSF 75 aar Jubilaeum 2010"]
[Site "Bronshoj"]
[Date "2010.02.17"]
[Round "4"]
[White "Akdag, Dara Sevkan"]
[Black "Bromann, Thorbjorn"]
[Result "1-0"]
[WhiteElo "2157"]
[BlackElo "2434"]
[PlyCount "137"]
[EventDate "2010.??.??"]
[EventCountry "DEN"]


1. d4 e6 2. c4 f5 3. Nc3 Nf6 4. Nf3 Bb4 5. Qc2 O-O 6. a3 Bxc3+ 7. Qxc3 d6 8. g3
Nbd7 9. Bg2 Qe8 10. b4 Qh5 11. Qe3 Nb6 12. Qb3 Bd7 13. a4 Rae8 14. a5 Nc8 15.
Bb2 f4 16. O-O e5 17. dxe5 dxe5 18. Qc3 fxg3 19. fxg3 Ng4 20. h3 Nf6 21. g4
Bxg4 22. hxg4 Nxg4 23. Qe1 Ne3 24. Qh4 Qg6 25. Rf2 Rf4 26. Qg5 Qxg5 27. Nxg5
Rg4 28. Bc1 Nxg2 29. Rxg2 Rxc4 30. Bd2 Nd6 31. Rc1 Rxc1+ 32. Bxc1 b6 33. Rg3 h6
34. Nf3 Kf7 35. Nd2 Re6 36. Bb2 g5 37. Rc3 Nb5 38. Rf3+ Kg6 39. Nc4 e4 40. Rf8
e3 41. a6 c5 42. Ne5+ Kh5 43. Rf3 g4 44. Rf5+ Kh4 45. Kg2 g3 46. Kf3 g2 47.
Kxg2 Nd6 48. Rf4+ Kg5 49. Kf3 cxb4 50. Nf7+ Kh5 51. Nxd6 Rxd6 52. Rxb4 Rd5 53.
Ra4 Rd2 54. Rb4 Rd5 55. Rb3 Ra5 56. Ra3 Rb5 57. Bd4 Kg6 58. Kxe3 Kf5 59. Kf3
Rb4 60. e4+ Ke6 61. Be3 h5 62. Bf4 Rb1 63. Bb8 Rf1+ 64. Kg3 Rf7 65. Rc3 Rf8 66.
Rc6+ Kd7 67. Rc7+ Ke6 68. Rb7 Rg8+ 69. Kh2 1-0

[Event "BSF 75 aar Jubilaeum 2010"]
[Site "Bronshoj"]
[Date "2010.02.17"]
[Round "4"]
[White "Hoi, Carsten"]
[Black "Petersen, Peter Birk"]
[Result "1-0"]
[WhiteElo "2393"]
[BlackElo "2203"]
[PlyCount "53"]
[EventDate "2010.??.??"]
[EventCountry "DEN"]


1. d4 Nf6 2. Nf3 e6 3. e3 c5 4. Bd3 b6 5. O-O Bb7 6. c4 Be7 7. Nc3 cxd4 8. exd4
d6 9. d5 e5 10. Ng5 Nbd7 11. f4 h6 12. Nge4 Nxe4 13. Nxe4 O-O 14. f5 Nf6 15.
Qf3 Rc8 16. a4 Nxe4 17. Qxe4 Bf6 18. Be3 Re8 19. g3 Rb8 20. h4 Bc8 21. b3 Bd7
22. Ra2 a6 23. b4 Ra8 24. g4 Bxh4 25. f6 g6 26. Bxh6 Bg3 27. Bg7 1-0

[Event "BSF 75 aar Jubilaeum 2010"]
[Site "Bronshoj"]
[Date "2010.02.17"]
[Round "4"]
[White "Aabling Thomsen, Jakob"]
[Black "Huguet, Sergio"]
[Result "1-0"]
[WhiteElo "2312"]
[BlackElo "2138"]
[PlyCount "83"]
[EventDate "2010.??.??"]
[EventCountry "DEN"]


1. e4 Nf6 2. e5 Nd5 3. d4 d6 4. Nf3 Bg4 5. Be2 c6 6. c4 Nb6 7. Nbd2 N8d7 8. Ng5
Bxe2 9. e6 f6 10. Qxe2 fxg5 11. exd7+ Qxd7 12. Nf3 h6 13. a4 e6 14. a5 Nc8 15.
Ra3 Be7 16. Re3 Kf7 17. Re4 Bf6 18. O-O d5 19. Ne5+ Bxe5 20. Rxe5 Nd6 21. f4
Nxc4 22. fxg5+ Ke7 23. gxh6 gxh6 24. Ref5 Raf8 25. Rxf8 Rxf8 26. Rxf8 Kxf8 27.
Bxh6+ Ke8 28. a6 b5 29. h4 Qf7 30. b3 Qg6 31. Bf4 Qf5 32. Bb8 Qb1+ 33. Kh2 Qxb3
34. Qxe6+ Kf8 35. Bxa7 Ne3 36. Bc5+ Kg7 37. Qd7+ Kg8 38. Qe8+ Kh7 39. Qf7+ Kh8
40. Qf3 Qd3 41. a7 Nf1+ 42. Kg1 1-0

[Event "BSF 75 aar Jubilaeum 2010"]
[Site "Bronshoj"]
[Date "2010.02.17"]
[Round "4"]
[White "Kragh, Niels Kristian"]
[Black "Naes, Flovin Tor"]
[Result "1-0"]
[WhiteElo "2147"]
[BlackElo "2262"]
[PlyCount "67"]
[EventDate "2010.??.??"]
[EventCountry "DEN"]


1. e4 c6 2. d4 d5 3. exd5 cxd5 4. c4 Nf6 5. Nc3 e6 6. Nf3 Be7 7. cxd5 Nxd5 8.
Bd3 Nxc3 9. bxc3 Qc7 10. O-O Nd7 11. Qe2 O-O 12. c4 Bf6 13. Qe4 g6 14. Bf4 Qa5
15. Rab1 Rd8 16. Rb5 Qxa2 17. Bc7 Re8 18. Ra5 Qb3 19. Rb1 Qc3 20. Ra2 a5 21.
Bd6 Be7 22. Bf4 Nc5 23. dxc5 Rd8 24. Be2 a4 25. Be5 Qa5 26. Rb5 Qa6 27. Qf4 Bd7
28. Rb6 Qa5 29. Rxb7 Qxc5 30. Bd4 Qa5 31. Ne5 Qe1+ 32. Bf1 Be8 33. Rxe7 Rab8
34. Ra1 1-0

[Event "BSF 75 aar Jubilaeum 2010"]
[Site "Bronshoj"]
[Date "2010.02.17"]
[Round "4"]
[White "Rendboe, John Filip"]
[Black "Hansen, Lars Henrik Bech"]
[Result "1-0"]
[WhiteElo "2247"]
[BlackElo "2083"]
[PlyCount "65"]
[EventDate "2010.??.??"]
[EventCountry "DEN"]


1. d4 g6 2. c4 Nf6 3. Nc3 Bg7 4. e4 d6 5. Nf3 O-O 6. Be3 Nc6 7. d5 Nb8 8. Be2
e5 9. O-O Ng4 10. Bg5 f6 11. Bd2 Nh6 12. b4 Nf7 13. c5 f5 14. Qc1 f4 15. Nb5
Na6 16. Ne1 g5 17. f3 Bd7 18. c6 bxc6 19. dxc6 Bc8 20. Rb1 h5 21. Qd1 d5 22.
Nc3 dxe4 23. Nxe4 Nd6 24. Bc3 Qe7 25. Nd3 Nf5 26. b5 Nb8 27. Bb4 Nd6 28. Nb2
Rd8 29. Nc4 Nxc4 30. Bxe7 Rxd1 31. Rbxd1 Ne3 32. Rd8+ Kf7 33. Rxc8 1-0

[Event "BSF 75 aar Jubilaeum 2010"]
[Site "Bronshoj"]
[Date "2010.02.17"]
[Round "4"]
[White "Petersen, Nils"]
[Black "Rossen, Claus"]
[Result "1/2-1/2"]
[WhiteElo "2059"]
[BlackElo "2223"]
[PlyCount "33"]
[EventDate "2010.??.??"]
[EventCountry "DEN"]


1. c4 Nf6 2. Nc3 d5 3. cxd5 Nxd5 4. g3 c5 5. Bg2 Nc7 6. Nf3 Nc6 7. O-O e5 8. d3
Be7 9. b3 O-O 10. Bb2 Bg4 11. h3 Bh5 12. Ne4 f5 13. Ned2 Bf6 14. Rc1 b6 15. Re1
Qe7 16. Nh4 Qe6 17. Bxc6 1/2-1/2

[Event "BSF 75 aar Jubilaeum 2010"]
[Site "Bronshoj"]
[Date "2010.02.17"]
[Round "4"]
[White "Jensen, Michael Agermose"]
[Black "Jensen, Soren Holm"]
[Result "1-0"]
[WhiteElo "2070"]
[BlackElo "2060"]
[PlyCount "36"]
[EventDate "2010.??.??"]
[EventCountry "DEN"]


1. e4 e5 2. f4 exf4 3. Nf3 d6 4. Nc3 g5 5. g3 g4 6. Nh4 Bg7 7. d4 f3 8. Be3 Ne7
9. Bc4 c6 10. O-O O-O 11. Qd2 d5 12. Bb3 Be6 13. Bh6 Ng6 14. Nf5 Bxf5 15. exf5
Nh8 16. Bxg7 Kxg7 17. Qf4 Nd7 18. Qxg4+ Kh6 1-0

[Event "BSF 75 aar Jubilaeum 2010"]
[Site "Bronshoj"]
[Date "2010.02.17"]
[Round "4"]
[White "Christensen, Esben"]
[Black "Hvenekilde, Jorgen"]
[Result "1/2-1/2"]
[WhiteElo "2008"]
[BlackElo "2190"]
[PlyCount "36"]
[EventDate "2010.??.??"]
[EventCountry "DEN"]


1. e4 e5 2. Nf3 d6 3. d4 exd4 4. Nxd4 Nf6 5. Nc3 Be7 6. Bf4 a6 7. Qd2 b5 8. f3
O-O 9. g4 b4 10. Nd5 Nxd5 11. exd5 Bh4+ 12. Bg3 Re8+ 13. Be2 Bf6 14. h4 a5 15.
Kf2 c5 16. dxc6 Qb6 17. c3 Nxc6 18. Rad1 Bb7 1/2-1/2

[Event "BSF 75 aar Jubilaeum 2010"]
[Site "Bronshoj"]
[Date "2010.02.17"]
[Round "4"]
[White "Andersen, Daniel"]
[Black "Frisk, Hans"]
[Result "1/2-1/2"]
[WhiteElo "2024"]
[BlackElo "2022"]
[PlyCount "156"]
[EventDate "2010.??.??"]
[EventCountry "DEN"]


1. c4 e5 2. Nc3 Nc6 3. Nf3 Nf6 4. g3 Bc5 5. Bg2 d6 6. a3 a6 7. O-O O-O 8. b4
Ba7 9. Bb2 Be6 10. d3 h6 11. h3 Nh5 12. e3 f5 13. Ne2 Qe8 14. Rc1 Qf7 15. Qc2
Rae8 16. d4 exd4 17. Nfxd4 Nxd4 18. Bxd4 Bxd4 19. Nxd4 Bc8 20. Bd5 Be6 21. Nxe6
Rxe6 22. Bxe6 Qxe6 23. Qd3 Nf6 24. Qd4 Kh8 25. Kg2 Ne4 26. Rfd1 Qg6 27. Rf1 Qg5
28. c5 dxc5 29. bxc5 Qg6 30. Kh2 Qh5 31. Qd1 Qg6 32. Qf3 Nd2 33. Qxb7 Nxf1+ 34.
Rxf1 f4 35. exf4 Qd3 36. Kg1 Rf7 37. Qc8+ Kh7 38. Qe6 Rf6 39. Qe3 Qd5 40. Qe5
Qf3 41. Re1 Qxa3 42. Qxc7 Qf3 43. Qe5 Qc6 44. Qe4+ Kg8 45. Qxc6 Rxc6 46. Re5 a5
47. Kg2 Kf7 48. Kf3 a4 49. Re4 Rxc5 50. Rxa4 h5 51. Re4 Rc2 52. g4 hxg4+ 53.
hxg4 g6 54. g5 Ra2 55. Rb4 Ra5 56. Rb7+ Kg8 57. Kg4 Kf8 58. Rb6 Kg7 59. Rf6 Ra4
60. f3 Rb4 61. Kg3 Rb5 62. f5 gxf5 63. Kf4 Rb3 64. Rxf5 Rb4+ 65. Kg3 Kg6 66.
Rc5 Kh5 67. Re5 Ra4 68. Rf5 Ra3 69. Re5 Ra4 70. Kf2 Kg6 71. Ke3 Kh5 72. f4 Kg4
73. g6 Ra3+ 74. Ke4 Ra4+ 75. Kd5 Kxf4 76. g7 Ra5+ 77. Kd6 Ra6+ 78. Kd7 Ra7+
1/2-1/2

[Event "BSF 75 aar Jubilaeum 2010"]
[Site "Bronshoj"]
[Date "2010.02.17"]
[Round "5"]
[White "Hillarp Persson, Tiger"]
[Black "Hoi, Carsten"]
[Result "0-1"]
[WhiteElo "2581"]
[BlackElo "2393"]
[PlyCount "104"]
[EventDate "2010.??.??"]
[EventCountry "DEN"]


1. e4 g6 2. d4 Bg7 3. Nf3 d6 4. Bc4 c6 5. Bb3 Nf6 6. Qe2 e5 7. dxe5 dxe5 8.
Nbd2 Qe7 9. Nc4 Nbd7 10. O-O O-O 11. c3 a5 12. a4 b6 13. Re1 Ba6 14. Qc2 Rab8
15. Ba2 h6 16. h3 Rfc8 17. Be3 Bxc4 18. Bxc4 b5 19. Bf1 b4 20. Nd2 Bf8 21. Nc4
bxc3 22. bxc3 Qd8 23. Rad1 Qc7 24. g3 Rd8 25. Kg2 h5 26. f3 Bc5 27. Bg5 Re8 28.
h4 Nh7 29. Bc1 Nhf6 30. Qa2 Rbd8 31. Bg5 Be7 32. Nb2 Nb6 33. Nd3 Nbd7 34. Nf2
Nb6 35. Be3 Nfd7 36. Nh3 Nc5 37. Ng5 Bxg5 38. hxg5 Qe7 39. Rxd8 Rxd8 40. Qa3
Nbxa4 41. Rb1 Kh7 42. Be2 Rd7 43. Rb8 Qd6 44. Rb1 Nxe4 45. Qxa4 Nxc3 46. Qc2
Nxb1 47. Qxb1 a4 48. Bc4 Qd1 49. Qe4 a3 50. f4 a2 51. Bxa2 Qe2+ 52. Kh3 Rd2 0-1